000
00317 a2200097 4500
020
_a
9789364879798
100
_a
M.P. Mujeeb Rahman
245
_a
Desabhavanayum Indian muslingalum(ദേശഭാവനയും ഇന്ത്യൻ മുസ്ലിങ്ങളും)
260
_b
D C books
_c
2025
942
_c
OO
999
_c
115289
_d
115288